MARC details
| 000 -CABECERA |
| campo de control de longitud fija |
00924nam a22002177a 4500 |
| 003 - IDENTIFICADOR DEL NÚMERO DE CONTROL |
| campo de control |
DO-SdBNP |
| 005 - FECHA Y HORA DE LA ÚLTIMA TRANSACCIÓN |
| campo de control |
20250205112416.0 |
| 008 - DATOS DE LONGITUD FIJA--INFORMACIÓN GENERAL |
| campo de control de longitud fija |
210901b ||||| |||| 00| 0 eng d |
| 020 ## - NÚMERO INTERNACIONAL ESTÁNDAR DEL LIBRO |
| Número Internacional Estándar del Libro |
9789945494457 |
| 040 ## - FUENTE DE LA CATALOGACIÓN |
| Centro catalogador/agencia de origen |
DO-SdBNP |
| Lengua de catalogación |
spa |
| Centro/agencia transcriptor |
BNPHU |
| 082 ## - NÚMERO DE LA CLASIFICACIÓN DECIMAL DEWEY |
| Número de clasificación |
xxx |
| Número de documento/Ítem |
C386 |
| 110 ## - ENTRADA PRINCIPAL--NOMBRE DE ENTIDAD CORPORATIVA |
| Nombre de entidad corporativa o nombre de jurisdicción como elemento de entrada |
Vicepresidencia de la República Dominica. |
| 9 (RLIN) |
79678 |
| 245 10 - MENCIÓN DE TÍTULO |
| Título |
Los ccpp como estrategia para el desarrollo de capacidades : |
| Resto del título |
aportes en la generación de ingresos y en la creación de capital social / |
| Mención de responsabilidad, etc. |
Coordinación general, Margarita Cedeño ; Investigador principal Jerson del Rosario |
| 260 ## - PUBLICACIÓN, DISTRIBUCIÓN, ETC. |
| Lugar de publicación, distribución, etc. |
Santo Domingo : |
| Nombre del editor, distribuidor, etc. |
Observatorio de Políticas Sociales y desarrollo, |
| Fecha de publicación, distribución, etc. |
2000? |
| 300 ## - DESCRIPCIÓN FÍSICA |
| Extensión |
57 p.: |
| Otras características físicas |
il. ; |
| Dimensiones |
29 cm |
| 590 ## - NOTA LOCAL (RLIN) |
| Nota local |
Inventariado, 2021 / DG |
| 700 1# - PUNTO DE ACCESO ADICIONAL--NOMBRE DE PERSONA |
| Nombre de persona |
Cedeño de Fernández, Margarita |
| Fechas asociadas al nombre |
1965- |
| Término indicativo de función/relación |
Coordinación general |
| 9 (RLIN) |
37198 |
| 700 ## - PUNTO DE ACCESO ADICIONAL--NOMBRE DE PERSONA |
| Nombre de persona |
Rosario, Jerson, Del |
| Término indicativo de función/relación |
Investigador principal |
| 9 (RLIN) |
70943 |
| 910 ## - DATOS DE OPCIÓN DEL USUARIO (OCLC) |
| Datos de opción del usuario |
D/G |
| 942 ## - ELEMENTOS DE PUNTO DE ACCESO ADICIONAL (KOHA) |
| Fuente del sistema de clasificación o colocación |
Dewey Decimal Classification |
| Tipo de ítem Koha |
Libro |